01731nam a22001337a 4500003000400000020001800004082001300022100001900035245003400054260003200088300000800120650002500128653144400153SGT a9788121917872 a546, SAT aPRAKASH SATYA  aADVANCED INORGANIC CHEMISTRY  aNEW DELHI bS. CHAND c2015 a656 aINORGANIC CHEMISTRY  a BASIC CONCEPTS OF COORDINATION CHEMISTR, NOMENCLATURE OF COORDINATION COMPOUNDS, WERNER’S THEORY OF COORDINATION COMPOUNDS AND EFFECTIVE ATOMIC NUMBER, ISOMERISM IN COORDINATION COMPOUNDS, NATURE OF METAL-LIGAND BONDING IN COMPLEX COMPOUND, TRANSITION METALS (D-BLOCK ELEMENTS) AND THEIR COMPOUNDS, GENERAL CHARACTERISTICS OF TRANSITION METALS: D-BLOCK ELEMENTS, GROUP-WISE STUDY OF THE GENERAL PROPERTIES OF TRANSITION ELEMENTS (D-BLOCK, OCCURRENCE, EXTRACTION, PROPERTIES AND USES OF SOME TRANSITION METALS, IMPORTANT COMPOUNDS OF TRANSITION METALS, COMPOUNDS OF LANTHANUM, COMPOUNDS OF TITANIUM, COMPOUNDS OF VANADIUM: VANADY CHLORIDE (VOCL2), COMPOUNDS OF CHROMIUM, COMPOUNDS OF TUNGSTENLCOMPOUNDS OF MANGANESE, COMPOUNDS OF IRON, COMPOUNDS OF OSMIUM, COMPOUNDS OF COBALT, COMPOUNDS OF PALLADIUM, COMPOUNDS OF PLATINUM, COMPOUNDS OF COPPER, COMPOUNDS OF GOLD, COMPOUNDS OF ZINC, INNER-TRANSITION ELEMENTS AND THEIR COMPOUNDS GENERAL CHARACTERISTICS OF INNER-TRANSITION ELEMENTS LLANTHANIDES, ACTINIDES, EXTRACTION, PROPERTIES AND USES OF SOME INNER-TRANSITION METALS, IMPORTANT COMPOUNDS OF INNER-TRANSITION ELEMENTS, MISCELLANEOUS TOPICS, TRANSITION METAL COMPLEXES WITH CARBON MONOXIDE: METALLIC CARBONYLS, COMPLEX COMPOUNDS CONTAINING NO+ OR/ AND NO– IONS AS LIGANDS: METALLIC NITROSYL, POLLUTION AND ITS ADVERSE EFFECTS, ORGANO-METALLIC COMPOUNDS, CHROMATOGRAPH LUSES OF ORGANIC AND INORGANIC REAGENTS IN INORGANIC ANALYSISL